| LEADER | 00811nam a2200265 4500 | ||
|---|---|---|---|
| 001 | DLU180185426 | ||
| 005 | ##20180605 | ||
| 040 | # | # | |a DLU |b vie |
| 041 | # | # | |a vie |
| 044 | # | # | |a vn |
| 100 | # | # | |a Nguyễn Thúy Quỳnh. |
| 245 | # | # | |a Hợp tác Việt Nam - Hoa Kỳ trong khắc phục hậu quả bom mìn, vật liệu nổ sau chiến tranh ở Việt Nam / |c Nguyễn Thúy Quỳnh. |
| 653 | # | # | |a Bom mìn |
| 653 | # | # | |a Hợp tác |
| 653 | # | # | |a Xử lý |
| 773 | # | # | |t Nghiên cứu Đông Nam Á |g Số 12, 2016, tr. 60-67 |
| 920 | # | # | |a Phòng Tạp chí -- Trung tâm Thông tin - Thư viện Trường Đại học Đà Lạt |
| 994 | # | # | |a DLU |
| 900 | # | # | |a True |
| 911 | # | # | |a Hoàng Thị Huyền |
| 925 | # | # | |a G |
| 926 | # | # | |a A |
| 927 | # | # | |a BB |
| 980 | # | # | |a Thư viện Trường Đại học Đà Lạt |